| 000 | 00975nam a2200229Ii 4500 | ||
|---|---|---|---|
| 003 | JO-AjNU | ||
| 008 | 230605s9999||||xx |||||||||||||| ||und|| | ||
| 017 | _a2012/8891 | ||
| 020 | _a978-977-438-295-7 | ||
| 040 |
_aJO-AjNU _bara _erda _cJO-AjNU |
||
| 041 | _aara | ||
| 050 | 1 | 4 | _aKBP619.2013 |
| 100 | 3 |
_a علي، عبد الحليم محمد منصور , _eauthor _943869 |
|
| 245 | 0 | 0 | _aتأجير الارحام في ضوء قواعد الحلال والحرام " دراسة فقهية مقارنة " |
| 250 | _aط1 | ||
| 264 | 3 | 1 | _aالقاهرة : المكتب الجامعي الحديث ، 2013 |
| 300 |
_a232ص _bيشتمل على قائمة المراجع الببلوغرافية ص ( 211 - 226 ) |
||
| 336 |
_atext _btxt _2rdacontent |
||
| 337 |
_aunmediated _bn _2rdamedia |
||
| 338 |
_avolume _bnc _2rdacarrier |
||
| 650 | 4 |
_aالإسلام وأطفال الأنابيب -- التلقيح الاصطناعي البشري ( فقة اسلامي ) _943870 |
|
| 999 |
_aA18894 _c22462 _d22462 |
||